Tribunales Superiores de Distrito

Detalles Bibliográficos
Formato: Desconocido
Lenguaje:español
Publicado: [Panam]̀: [s.n.]
Materias:
Acceso en línea:Acceso restringido

MARC

LEADER 00000ny a22000003n 4500
005 2011051001191.0
008 100414s2000 pn z s 000 a spa d
035 |a 2027 
040 |a BUS  |d vLex 
090 |c 1517  |d 1517 
245 3 0 |a Tribunales Superiores de Distrito  |h [Recurso electrn̤ico] 
256 |a Servicio en ln̕ea 
260 |a [Panam]̀:  |b [s.n.] 
650 0 4 |a Sentencias  |x Publicaciones perid̤icas 
650 0 4 |a Tribunales Superiores de Justicia  |z Panam ̀  |x Publicaciones perid̤icas 
740 0 |a vLex Revista (Servicios en ln̕ea) 
843 |a Electrn̤ica. Cerrada. 
853 |8 1  |i (year)  |j (month)  |k (day) 
856 4 0 |z Acceso restringido  |u http://vlex.com/source/jurisprudencia-tribunales-distrito-2027 
942 |c REV